| 000 -CABECERA |
| campo de control de longitud fija |
00965nam a2200217 4500 |
| 005 - FECHA Y HORA DE LA ÚLTIMA TRANSACCIÓN |
| campo de control |
20211028112520.0 |
| 008 - DATOS DE LONGITUD FIJA--INFORMACIÓN GENERAL |
| campo de control de longitud fija |
211028s1979 sw |||fr|||| 001 0 spa d |
| 040 ## - FUENTE DE LA CATALOGACIÓN |
| Centro catalogador/agencia de origen |
CENDOC CAAAP |
| Lengua de catalogación |
spa |
| Centro/agencia transcriptor |
CAAAP |
| 041 ## - CÓDIGO DE LENGUA |
| Código de lengua del texto/banda sonora o título independiente |
spa |
| 050 ## - SIGNATURA TOPOGRÁFICA DE LA BIBLIOTECA DEL CONGRESO |
| Número de clasificación |
KB 16 |
| Número de documento/Ítem |
.M79 |
| 100 1# - ENTRADA PRINCIPAL--NOMBRE DE PERSONA |
| 9 (RLIN) |
4334 |
| Nombre personal |
Mörner, Magnus |
| 245 13 - MENCIÓN DE TÍTULO |
| Título |
La corona española y los foráneos en los pueblos de indios en América / |
| Mención de responsabilidad, etc. |
Magnus Mörner |
| 250 ## - MENCIÓN DE EDICIÓN |
| Mención de edición |
1ra ed. |
| 260 ## - PUBLICACIÓN, DISTRIBUCIÓN, ETC. |
| Lugar de publicación, distribución, etc. |
Estocolmo: |
| Nombre del editor, distribuidor, etc. |
Amqvist & Wiksell, |
| Fecha de publicación, distribución, etc. |
1970 |
| 300 ## - DESCRIPCIÓN FÍSICA |
| Extensión |
445 p. |
| 505 ## - NOTA DE CONTENIDO CON FORMATO |
| Nota de contenido con formato |
Contiene : Introducción -- Las ideas (1500-1680) -- Los valores religiosos-legales -- La religión y el dualismo indiano -- Apéndices: Una nota sobre la separación racial en los medios urbanos e industriales -- Las leyes (1550-1680) -- El carácter de la legislación indiana. |
| 650 #0 - PUNTO DE ACCESO ADICIONAL DE MATERIA--TÉRMINO DE MATERIA |
| 9 (RLIN) |
72 |
| Término de materia o nombre geográfico como elemento de entrada |
Derechos de los pueblos originarios |
| 650 #0 - PUNTO DE ACCESO ADICIONAL DE MATERIA--TÉRMINO DE MATERIA |
| 9 (RLIN) |
3404 |
| Término de materia o nombre geográfico como elemento de entrada |
Legislación |
| 650 #0 - PUNTO DE ACCESO ADICIONAL DE MATERIA--TÉRMINO DE MATERIA |
| 9 (RLIN) |
2610 |
| Término de materia o nombre geográfico como elemento de entrada |
Comunidades indígenas |
| Subdivisión general |
Aspectos legales |
| Subdivisión geográfica |
Perú |
| 942 ## - ELEMENTOS PERSONALIZADOS KOHA |
| Fuente del sistema de clasificación o colocación |
|
| Fecha de catalogación |
28 - 10 - 21 |
| Tipo de ítem Koha |
Libros |